000 00834nam a22001817a 4500
999 _c5954
_d5954
005 20251204134905.0
008 251204b ||||| |||| 00| 0 eng d
020 _a9780753477847
040 _cKH8
082 _a621.8 JAC
100 _aJacoby,Jenny
_eAuthor
245 _aMACHINES
_bTechnology is all around you!
300 _a45 pages
_bcolour illustration
_c23 cm x 27 cm
520 _aThroughout human history, humans have been making tools and machines, from the simple to highly complex, to help us make the most of the world around us and use them to our benefit. Discover more with Everyday STEM Technology: Machines. Explore a world full of natural forces and innovation. From the first tools used in the Stone Age to the machines of the future.
650 _aJuvenile Fiction
655 _aNon Fiction
942 _2ddc
_cNFIC